Enriquillo, ídolo de barro / (Registro nro. 7327)

Detalles MARC
000 -LIDER
fixed length control field 01263nam a2200325 a 4500
001 - NÚMERO DE CONTROL
Identificador de número de control 000017789
003 - IDENTIFICACDOR DE NÚMERO DE CONTROL
control field DO-SdBNP
005 - DATE AND TIME OF LATEST TRANSACTION
control field 20180409095206.0
007 - CAMPOS FIJOS DE DESCRIPCIÓN FÍSICA
fixed length control field 000017789
008 - ELEMENTOS DE LONGITUD FIJA
fixed length control field 100406s1996 dr abc 000 0 spa d
040 ## - FUENTE DE CATALOGACIÓN
Agencia que crea de manera original el registro BPMSU
Idioma de catalogación spa
Agencia que realiza la transcripción BPMSU
092 ## - LOCALLY ASSIGNED DEWEY DECIMAL CALL NUMBER
Número de clasificación 923.31
Número de ítem (Cutter) M385e
100 1# - ASIENTO PRINCIPAL -- NOMBRE PERSONAL
Nombre personal Martínez Almánzar, Juan Francisco
245 10 - MENCIÓN DE TITULO
Título Enriquillo, ídolo de barro /
Mención de responsabilidad Juan Francisco Martínez Almánzar.
260 ## - PUBLICACIÓN, DISTRIBUCIÓN, ETC. (PIE DE IMPRENTA)
Lugar de publicación, distribución, etc Santo Domingo :
Nombre del editor, distribuidor, etc. [s.n
Fecha de publicación, distribución, etc 1995]
300 ## - DESCRIPCIÓN FÍSICA
Extensión 220 p., xxxix :
Otros detalles físicos il., retr. ;
Dimensiones 22 cm.
504 ## - NOTA DE BIBLIOGRAFÍA, ETC.
Bibliography, etc Incluye referencias bibliográficas y notas al pie de las páginas
504 ## - NOTA DE BIBLIOGRAFÍA, ETC.
Bibliography, etc Bibliografía : p. 218-219.
600 14 - ENCABEZAMIENTO DE MATERIA--NOMBRE PERSONAL
Nombre personal ENRIQUILLO,
Fechas asociadas con el nombre 1503-1533
650 #4 - ENCABEZAMIENTO DE MATERIA--TEMÁTICO
Término temático o nombre geográfico como elemento de entrada INDIGENAS DE REPÚBLICA DOMINICANA
Subdivisión geográfica LA ESPAÑOLA (ISLA)
Subdivisión temática general BIOGRAFÍAS
650 #4 - ENCABEZAMIENTO DE MATERIA--TEMÁTICO
Término temático o nombre geográfico como elemento de entrada INDIGENAS DE REPÚBLICA DOMINICANA
Subdivisión temática general GUERRAS
Subdivisión geográfica LA ESPAÑOLA (ISLA)
651 #4 - ENCABEZAMIENTO DE MATERIA--NOMBRE GEOGRÁFICO
Nombre geográfico REPÚBLICA DOMINICANA
Subdivisión temática general HISTORIA
-- DESCUBRIMIENTO Y CONQUISTA,
Subdivisión cronológica 1492-1503
651 #4 - ENCABEZAMIENTO DE MATERIA--NOMBRE GEOGRÁFICO
Nombre geográfico REPÚBLICA DOMINICANA
Subdivisión temática general HISTORIA
-- COLONIA,
Subdivisión cronológica 1503-1844
942 ## - ADDED ENTRY ELEMENTS (KOHA)
Source of classification or shelving scheme Dewey Decimal Classification
Koha item type Libros
945 ## - INFORMACIÓN DE PROCESAMIENTO LOCAL
Información de procesamiento local Remanejado para la BNPHU / BT
956 ## - LOCAL ELECTRONIC LOCATION AND ACCESS (OCLC)
Nombre de host VGENAO
Número de acceso 10
Información de compresión 20100406
Inicio de sesión BND01
Procesador de solicitud 0900
956 ## - LOCAL ELECTRONIC LOCATION AND ACCESS (OCLC)
Nombre de host NMORDAN
Número de acceso 10
Información de compresión 20100427
Inicio de sesión BND01
Procesador de solicitud 1104
956 ## - LOCAL ELECTRONIC LOCATION AND ACCESS (OCLC)
Nombre de host BTAVAREZ
Número de acceso 10
Información de compresión 20100511
Inicio de sesión BND01
Procesador de solicitud 1137
956 ## - LOCAL ELECTRONIC LOCATION AND ACCESS (OCLC)
Nombre de host TMEREDITH
Número de acceso 20
Información de compresión 20110128
Inicio de sesión BND01
Procesador de solicitud 1540
Existencias
Withdrawn status Lost status Source of classification or shelving scheme Damaged status Not for loan Collection code Home library Current library Date acquired Total Checkouts Barcode Date last seen Price effective from Koha item type
    Dewey Decimal Classification     Colección Dominicana Biblioteca Pública Metropolitana Salomé Ureña Biblioteca Pública Metropolitana Salomé Ureña 02/04/2015   BPMSU15041030 02/04/2015 02/04/2015 Libros